000
003260000a22001450004500
003
MACL
040
_a
MACL
090
_c
1777
_d
1777
100
_a
Ray, Sibnarayan
245
_a
Rabindranath Tagore
_b
Three Essays
260
_a
Calcutta
_b
Renaissance Publishers PVT
_c
1987
350
_a
15
650
_a
Essay
942
_c
BOOK
_k
824
999
_c
1764
_d
1764